000 00889nas a2200301 4500
001 BR0806148
003 BR-BrBNA
005 20231205112110.0
007 ta
008 230509b bl.|||p| |||| 00| 00por d
040 _aBR-BrBNA
_bpor
_cBiblioteca Nacional de Agricultura
041 _a(Pt)
072 _aF01; P40
100 1 _aSouza, J.R.P. de
100 1 _aRocha, J.N.
100 1 _aMorais, H.
100 1 _aCaramori, P.H.
100 1 _aJohansson, L.A.
100 1 _aMiranda, L.V.
245 1 _aDesenvolvimento da espinheira-santa sob diferentes intensidades luminosas e níveis de poda
650 _aANÁLISE
650 _aMICROCLIMA
650 _aPLANTA MEDICINAL
650 _aPODA
773 0 _tHorticultura Brasileira (Brazil)
_xISSN 0102-0536
_g(Jan-Mar 2008), v. 26(1) p. 40-44
_wBR0806148
909 _a202311
_bLúcia
_c55
_dLúcia Elande
942 _2AGRIS
_n0
_cANA
999 _c196086
_d196086